000 00287nam a2200109Ia 4500
008 200302s9999 xx 000 0 und d
100 _aR.Nath
245 _aJHAROKHA An Illustrated Glossory of Indo Muslim Architecture
260 _bHistorical research
260 _c1886
300 _a128p.,
999 _c2498
_d2498